| 000 | 00480nam a22001457a 4500 | ||
|---|---|---|---|
| 008 | 150326b xxu||||| |||| 00| 0 eng d | ||
| 020 | _a9781593398378 | ||
| 050 | _aAE 5 .E53 2010 (5) | ||
| 100 | _aEncyclopedia Britannica, Inc, | ||
| 245 | _aThe New Encyclopedia Britannica | ||
| 260 |
_aChicago: _bEncyclopedia Britannica, Inc, _c2010. |
||
| 300 | _a982p.: ill. | ||
| 650 | _aEncyclopaedia | ||
| 942 |
_2lcc _cREF_BOOK _hAE 5 .E53 2010 (5) _kAE _m5 .E53 2010 (5) |
||
| 999 |
_c47 _d47 |
||